000 00419nam a22001697a 4500
003 MACL
005 20160115152608.0
008 160115b xxu||||| |||| 00| 0 eng d
040 _cMACL
041 _aEnglish
082 _a920/SAX
100 _aSaxena,Deepa
_932638
245 _aCharles Dickens A Critical Study
260 _aJaipur
_bIndian Publishing House
_c2010
650 _aBiography
_932639
942 _2ddc
_cBK
999 _c52474
_d52474